Influencia de la cal en en las características fiscio-mecánicas del mortero de pega para mampostería, fabricado con arena de tajo

Salvato in:
Dettagli Bibliografici
Autore principale: Campos Rojas, Ana María
Natura: Libro
Lingua:Spanish
Pubblicazione: [San José], Costa Rica 2016
Soggetti:
Tags: Aggiungi Tag
Nessun Tag, puoi essere il primo ad aggiungerne!!

MARC

LEADER 00000nam a22000007a 4500
001 7516
003 012356
005 20221231144106.0
008 160526b2016 cr a|||| |||| 00| ||spa d
040 |c cru CEDI 
100 |9 4743  |a Campos Rojas, Ana María 
245 |a Influencia de la cal en en las características fiscio-mecánicas del mortero de pega para mampostería, fabricado con arena de tajo  
260 |a  [San José], Costa Rica  |c 2016 
300 |a xiii,59,[16];ilustraciones a color .- 30 referencias  
500 |a Proyecto de graduación (licenciatura en ingeniería civil)--Universidad de Costa Rica. Facultad de Ingeniería. Escuela de Ingeniería Civil 
650 |x CAL - PRUEBAS - COSTA RICA  |x PROPIEDADES FISICOQUIMICAS  |x BLOQUES DE HORMIGON  |x MATERIALES DE CONSTRUCCION  |x RESISTENCIA DE MATERIALES  |x ARENA  |x ANALISIS  |x PRUEBAS  |x HORMIGON  |x MEZCLAS  |9 4744 
942 |c BK 
999 |c 16764  |d 16764